Los nombres de Antígona / (Record no. 19951)

MARC details
000 -LEADER
campo de control de longitud fija 00967nam a2200313 i 4500
001 - NÚMERO DE CONTROL
campo de control 19951
003 - IDENTIFICADOR DE NÚMERO DE CONTROL
campo de control ES-MaACL
005 - FECHA Y HORA DE LA ÚLTIMA TRANSACCIÓN
campo de control 20260518181500.0
007 - CAMPO FIJO DE DESCRIPCIÓN FÍSICA--INFORMACIÓN GENERAL
campo de control de longitud fija t|
008 - DATOS DE LONGITUD FIJA--INFORMACIÓN GENERAL
campo de control de longitud fija 020712s2001 sp ||||0| spa j
020 ## - NÚMERO INTERNACIONAL ESTÁNDAR DEL LIBRO
Número Internacional Estándar del Libro 84-03-09241-5
040 ## - FUENTE DE CATALOGACIÓN
Centro catalogador/agencia de origen M-BN
Lengua de catalogación spa
Centro/agencia transcriptor M-BN
080 ## - NÚMERO DE LA CLASIFICACIÓN DECIMAL UNIVERSAL
Número de la Clasificación Decimal Universal 929-055.2(100)"19":82
100 1# - ENTRADA PRINCIPAL--NOMBRE DE PERSONA
Nombre de persona Prado, Benjamín.
9 (RLIN) 93605
245 14 - MENCIÓN DEL TÍTULO
Título Los nombres de Antígona /
Mención de responsabilidad, etc. Benjamín Prado.
250 ## - MENCION DE EDICION
Mención de edición 1ª ed.
260 ## - PUBLICACIÓN, DISTRIBUCIÓN, ETC.
Lugar de publicación, distribución, etc. Madrid :
Nombre del editor, distribuidor, etc. Aguilar,
Fecha de publicación, distribución, etc. 2001.
300 ## - DESCRIPCIÓN FÍSICA
Extensión 398 p :
Otras características físicas il ;
Dimensiones 24 cm.
500 ## - NOTA GENERAL
Nota general Indice.
504 ## - NOTA DE BIBLIOGRAFÍA, ETC.
Nota de bibliografía, etc. Bibliografía: p. 375-386.
600 14 - PUNTO DE ACCESO ADICIONAL DE MATERIA--NOMBRE DE PERSONA
Nombre de persona Ajmátova, Anna Andreevna.
9 (RLIN) 19027
600 04 - PUNTO DE ACCESO ADICIONAL DE MATERIA--NOMBRE DE PERSONA
Nombre de persona Tsvetaeva, Marina Ivanovna,
Fechas asociadas al nombre 1892-1941
9 (RLIN) 111614
600 14 - PUNTO DE ACCESO ADICIONAL DE MATERIA--NOMBRE DE PERSONA
Nombre de persona McCullers, Carson.
9 (RLIN) 79546
600 14 - PUNTO DE ACCESO ADICIONAL DE MATERIA--NOMBRE DE PERSONA
Nombre de persona León, María Teresa,
Fechas asociadas al nombre 1903-1988
9 (RLIN) 71586
600 14 - PUNTO DE ACCESO ADICIONAL DE MATERIA--NOMBRE DE PERSONA
Nombre de persona Blixen, Karen,
Fechas asociadas al nombre 1885-1962
9 (RLIN) 44835
650 14 - PUNTO DE ACCESO ADICIONAL DE MATERIA--TÉRMINO DE MATERIA
Término de materia o nombre geográfico como elemento de entrada Escritoras-
Subdivisión cronológica S.XX-
Subdivisión general Biografías.
9 (RLIN) 12371
852 ## - LOCALIZACIÓN
Ubicación ES-MaACL
Número de control de estantería L-25947
Sublocalización o colección R.130707
Holdings
Estatus retirado Estado de pérdida Estado de daño No para préstamo Biblioteca de origen Biblioteca actual Ubicación en estantería Fecha de adquisición Fuente de adquisición Total de préstamos Signatura topográfica completa Código de barras Visto por última vez Precio de reemplazo Tipo de ítem Koha
        Biblioteca del Ateneo de Madrid Biblioteca del Ateneo de Madrid Depósito 2 17/01/2008     L-25947 1020436 23/02/2023 23/02/2023 Libro impreso